COMPUTER GRAPHICS : C VERSION (Record no. 130445)

MARC details
000 -LEADER
fixed length control field 00332pam a2200133 a 4500
020 ## - INTERNATIONAL STANDARD BOOK NUMBER
International Standard Book Number 0-13-530924-1
Terms of availability
041 ## - LANGUAGE CODE
Language code of original
082 ## - DEWEY DECIMAL CLASSIFICATION NUMBER
Classification number 006.6
Item number HEA/BAK
100 ## - MAIN ENTRY--PERSONAL NAME
Personal name HEARN D.,BAKER M.P.,
245 ## - TITLE STATEMENT
Title COMPUTER GRAPHICS : C VERSION
Medium Textual Documents
260 ## - PUBLICATION, DISTRIBUTION, ETC.
Place of publication, distribution, etc. NEW JERSEY
Name of publisher, distributor, etc. PRENTICE-HALL
Date of publication, distribution, etc. 1997
300 ## - PHYSICAL DESCRIPTION
Extent XX+652
930 ## - EQUIVALENCE OR CROSS-REFERENCE-UNIFORM TITLE HEADING [LOCAL, CANADA]
Uniform title 11001
Holdings
Withdrawn status Lost status Damaged status Not for loan Collection Home library Current library Date acquired Total Checkouts Full call number Barcode Date last seen Copy number Price effective from Koha item type
          Institute of Management & Entrepreneurship Development, Pune Institute of Management & Entrepreneurship Development, Pune 19/04/2011   006.6 HEA/BAK IMP-IM-9381 01/03/2023 1 01/03/2023 Book